000
00329nam a2200133Ia 4500
008
151213s9999 xx 000 0 und d
100
_a
G.Durrant
245
_a
William Wards Warth
_c
G.Durrant
260
_a
Cambridge
_b
Combridge University
_c
1969
300
_a
1896 p.
650
_a
English
700
_a
G.Durrant
999
_c
1401
_d
1401